书目信息 |
| 题名: |
羚牛的故事
|
|
| 作者: | 雍严格 , 孙晋强 编著 ;蒲春举 摄影 | |
| 分册: | ||
| 出版信息: | 北京 中国林业出版社 2016 |
|
| 页数: | 71页 | |
| 开本: | 20×21cm | |
| 丛书名: | ||
| 单 册: | ||
| 中图分类: | Q959.842 , Q959.8 | |
| 科图分类: | ||
| 主题词: | 羚牛--普及读物 | |
| 电子资源: | ||
| ISBN: | 978-7-5038-8893-9 | |
| 000 | 00937nam0 2200277 450 | |
| 001 | 2372103062 | |
| 005 | 20231224200238.37 | |
| 010 | @a978-7-5038-8893-9@dCNY 20.00 | |
| 100 | @a20171205d2016 em y0chiy0120 ea | |
| 101 | 0 | @achi |
| 102 | @aCN@b110000 | |
| 105 | @aa z 000yy | |
| 200 | 1 | @a羚牛的故事@Aling niu de gu shi@b专著@f雍严格,孙晋强编著@g孙晋强,雍严格,蒲春举摄影 |
| 210 | @a北京@c中国林业出版社@d2016 | |
| 215 | @a71页@c彩照@d20×21cm | |
| 300 | @a国家林业局宣传中心主持出版 | |
| 300 | @a“绿野寻踪”系列/程红主编 | |
| 330 | @a本书浓缩了羚牛的生态生物学特征,再现了羚牛的野性世界,向读者揭示了羚牛的情感和行为模式。 | |
| 606 | 0 | @a羚牛@j普及读物 |
| 690 | @aQ959.842@v5 | |
| 690 | @aQ959.8@v4 | |
| 701 | 0 | @a雍严格@Ayong yan ge@f(1949~)@4编著@4摄影 |
| 701 | 0 | @a孙晋强@Asun jin qiang@f(1954~)@4编著@4摄影 |
| 702 | 0 | @a蒲春举@Apu chun ju@4摄影 |
| 801 | 2 | @aCN@b辽宁北配@c20231205 |
| 905 | @aBZT@dQ959.8@e6 | |
| 羚牛的故事/雍严格,孙晋强编著/孙晋强,雍严格,蒲春举摄影.-北京:中国林业出版社,2016 |
| 71页:彩照;20×21cm |
| 国家林业局宣传中心主持出版.-“绿野寻踪”系列/程红主编 |
| ISBN 978-7-5038-8893-9:CNY 20.00 |
| 本书浓缩了羚牛的生态生物学特征,再现了羚牛的野性世界,向读者揭示了羚牛的情感和行为模式。 |
| ● |
| 相关链接 |
|
|
|
正题名:羚牛的故事
索取号:Q959.8/6
 
预约/预借
| 序号 | 登录号 | 条形码 | 馆藏地/架位号 | 状态 | 备注 |
| 1 | 2001696956 | 2001696956 | 辽三/辽宁北配(第三批)/3869/ [索取号:Q959.8/6] | 在馆 | |
| 2 | 2001696957 | 2001696957 | 辽三/辽宁北配(第三批)/3869/ [索取号:Q959.8/6] | 在馆 | |
| 3 | 2001696958 | 2001696958 | 辽三/辽宁北配(第三批)/3869/ [索取号:Q959.8/6] | 在馆 | |
| 4 | 2001696959 | 2001696959 | 辽三/辽宁北配(第三批)/3869/ [索取号:Q959.8/6] | 在馆 | |
| 5 | 2001696960 | 2001696960 | 辽三/辽宁北配(第三批)/3869/ [索取号:Q959.8/6] | 在馆 | |
| 6 | 2001696961 | 2001696961 | 辽三/辽宁北配(第三批)/3869/ [索取号:Q959.8/6] | 在馆 | |
| 7 | 2001696962 | 2001696962 | 辽三/辽宁北配(第三批)/3869/ [索取号:Q959.8/6] | 在馆 | |
| 8 | 2001696963 | 2001696963 | 辽三/辽宁北配(第三批)/3869/ [索取号:Q959.8/6] | 在馆 | |
| 9 | 2001696964 | 2001696964 | 辽三/辽宁北配(第三批)/3869/ [索取号:Q959.8/6] | 在馆 | |
| 10 | 2001696965 | 2001696965 | 辽三/辽宁北配(第三批)/3869/ [索取号:Q959.8/6] | 在馆 | |
| 11 | 2001696966 | 2001696966 | 辽三/辽宁北配(第三批)/3869/ [索取号:Q959.8/6] | 在馆 | |
| 12 | 2001696967 | 2001696967 | 辽三/辽宁北配(第三批)/3869/ [索取号:Q959.8/6] | 在馆 | |
| 13 | 2001696968 | 2001696968 | 辽三/辽宁北配(第三批)/3869/ [索取号:Q959.8/6] | 在馆 | |
| 14 | 2001696969 | 2001696969 | 辽三/辽宁北配(第三批)/3869/ [索取号:Q959.8/6] | 在馆 | |
| 15 | 2001696970 | 2001696970 | 辽三/辽宁北配(第三批)/3869/ [索取号:Q959.8/6] | 在馆 | |
| 16 | 2001696971 | 2001696971 | 辽三/辽宁北配(第三批)/3869/ [索取号:Q959.8/6] | 在馆 | |
| 17 | 2001696972 | 2001696972 | 辽三/辽宁北配(第三批)/3869/ [索取号:Q959.8/6] | 在馆 | |
| 18 | 2001696973 | 2001696973 | 辽三/辽宁北配(第三批)/3869/ [索取号:Q959.8/6] | 在馆 | |
| 19 | 2001696974 | 2001696974 | 辽三/辽宁北配(第三批)/3869/ [索取号:Q959.8/6] | 在馆 | |
| 20 | 2001696975 | 2001696975 | 辽三/辽宁北配(第三批)/3869/ [索取号:Q959.8/6] | 在馆 | |
| 21 | 2001696976 | 2001696976 | 辽三/辽宁北配(第三批)/3869/ [索取号:Q959.8/6] | 在馆 | |
| 22 | 2001696977 | 2001696977 | 辽三/辽宁北配(第三批)/3869/ [索取号:Q959.8/6] | 在馆 | |
| 23 | 2001696978 | 2001696978 | 辽三/辽宁北配(第三批)/3869/ [索取号:Q959.8/6] | 在馆 | |
| 24 | 2001696979 | 2001696979 | 辽三/辽宁北配(第三批)/3869/ [索取号:Q959.8/6] | 在馆 | |
| 25 | 2001696980 | 2001696980 | 辽三/辽宁北配(第三批)/3869/ [索取号:Q959.8/6] | 在馆 | |
| 26 | 2001696981 | 2001696981 | 辽三/辽宁北配(第三批)/3869/ [索取号:Q959.8/6] | 在馆 | |
| 27 | 2001696982 | 2001696982 | 辽三/辽宁北配(第三批)/3869/ [索取号:Q959.8/6] | 在馆 | |
| 28 | 2001696983 | 2001696983 | 辽三/辽宁北配(第三批)/3869/ [索取号:Q959.8/6] | 在馆 | |
| 29 | 2001696984 | 2001696984 | 辽三/辽宁北配(第三批)/3869/ [索取号:Q959.8/6] | 在馆 | |
| 30 | 2001696985 | 2001696985 | 辽三/辽宁北配(第三批)/3869/ [索取号:Q959.8/6] | 在馆 |